00365nam a2200145Ia 4500008004100000020001800041041000800059082001300067100002100080245003100101250000600132260006100138300001100199650000900210210716s2009 xx 000 0 und d a9780070141605 aeng a004 BALE aBalagurusamy, E. aFundamentals of computers. a1 aNew DelhibTata McGraw Hill Publishing Company Ltdc2009 axx,476 aNone